000 00297nam a2200133 i 4500
001 bg
245 0 _aProgressivnaja technologija masinostroenija.
250 _aNypusk 1.
260 _aMinsk,
_c1970.
040 _cBPK
041 _apol
942 _cKS
008 s pl f |000 0 pol
999 _c8891
_d8891
856 _uhttp://koha.tu.koszalin.pl/cgi-bin/koha/opac-detail.pl?biblionumber=8891
_yKatalog online BPK